000 00504nam a2200181Ia 4500
999 _c20748
_d20748
003 OSt
005 20200610112401.0
008 190216s9999||||xx |||||||||||||| ||und||
020 _a9781851682119
040 _coclc
082 _a297.4
_bCHI/S
100 _a Chittick, William C
_92205
245 0 _aSufism /
_cWilliam C Chittick
260 _bOneworld Oxford,
_c2000.
_aEngland:
300 _a180p
650 _aIslamic History
942 _cBK
_2ddc
_h297.4
_iCHI/S
_k297.4
_mCHI/S